logo

Bir Sreshtho Munshi Abdur Rouf Library
Jhenaidah Cadet College

Dryden: poetry & prose, (Record no. 9815)

MARC details
000 -LEADER
fixed length control field 00856nam a2200301 4500
001 - CONTROL NUMBER
JCCL Control Number 9815
003 - CONTROL NUMBER IDENTIFIER
JCCL marc code BD-JhCC
005 - DATE AND TIME OF LATEST TRANSACTION
control field 20180401175331.0
008 - FIXED-LENGTH DATA ELEMENTS--GENERAL INFORMATION
fixed length control field 870928s1925 enk h 000 0beng d
035 ## - SYSTEM CONTROL NUMBER
system control number (BD-JhCC)9815
035 ## - SYSTEM CONTROL NUMBER
system control number (OCoLC)16763032
040 ## - CATALOGING SOURCE
Original cataloging agency BD-JhCC
Transcribing agency OrPS
Modifying agency BD-JhCC
041 ## - LANGUAGE CODE
Language code of Book eng
050 00 - LIBRARY OF CONGRESS CALL NUMBER
Classification number PR3412
Item number .S6
082 ## - DEWEY DECIMAL CLASSIFICATION NUMBER
Classification number 821.4
Author mark and Year DRY 1955
100 1# - MAIN ENTRY--PERSONAL NAME
Personal name Dryden, John,
Dates associated with a name 1631-1700.
245 00 - TITLE STATEMENT
Title Dryden: poetry & prose,
260 ## - PUBLICATION, DISTRIBUTION, ETC. (IMPRINT)
Place of publication, distribution, etc Oxford,
Name of publisher, distributor, etc The Clarendon press,
Date of publication, distribution, etc 1925.
300 ## - PHYSICAL DESCRIPTION
Pagination xvi, 204 p.
Other physical details incl. facsims. front. (port.)
Dimensions 19 cm.
600 10 - SUBJECT ADDED ENTRY--PERSONAL NAME
Personal name Dryden, John,
Dates associated with a name 1631-1700.
650 ## - SUBJECT ADDED ENTRY--TOPICAL TERM
Topical term or geographic name as entry element Poetry
700 1# - ADDED ENTRY--PERSONAL NAME
Personal name Congreve, William,
Dates associated with a name 1670-1729.
700 1# - ADDED ENTRY--PERSONAL NAME
Personal name Johnson, Samuel,
Dates associated with a name 1709-1784.
700 1# - ADDED ENTRY--PERSONAL NAME
Personal name Scott, Walter,
Dates associated with a name 1771-1832.
700 1# - ADDED ENTRY--PERSONAL NAME
Personal name Smith, David Nichol,
Dates associated with a name 1875-1962.
942 ## - ADDED ENTRY ELEMENTS (KOHA)
Source of classification or shelving scheme Dewey Decimal Classification
Koha item type Books
Holdings
Source of classification or shelving scheme Damaged status Not for loan Home library Current library Shelving location Date of accession Total Checkouts Full call number Barcode Date last seen Copy number Koha item type
Dewey Decimal Classification     JCC Rouf Library JCC Rouf Library General Stacks 04/01/2018   821.4 DRY 1955 9117 04/01/2018 C-1 Books

JCC Library | Contacts | JCC Home

Last Update on 23 September 2017
Copyright @ 2017-2020 JCC Rouf Library
Rouf Library, Jhenidah Cadet College (JCC), Bangladesh